Economics, Management, and Financial Markets
Uložené v:
| Médium: | Seriál |
|---|---|
| Jazyk: | English |
| Vydavateľské údaje: |
New York
Addleton Academic Publishers
|
| Tagy: |
Žiadne tagy, Buďte prvý, kto otaguje tento záznam!
|
MARC
| LEADER | 00000nas1a2200000 4500 | ||
|---|---|---|---|
| 001 | 0271521 | ||
| 005 | 20220714102442.5 | ||
| 022 | |a 1938-212X | ||
| 022 | |a 1842-3191 | ||
| 041 | 0 | |a eng | |
| 044 | |a US | ||
| 245 | 1 | 0 | |a Economics, Management, and Financial Markets |
| 264 | 1 | |a New York |b Addleton Academic Publishers | |